UNIMARC manuál slovenská verzia
Guardado en:
| Otros Autores: | , |
|---|---|
| Formato: | Libro |
| Lenguaje: | eslovaco |
| Publicado: |
Martin
Matica slovenská
1994
|
| Materias: | |
| Etiquetas: |
Sin Etiquetas, Sea el primero en etiquetar este registro!
|
MARC
| LEADER | 00000nam a2200000 4500 | ||
|---|---|---|---|
| 001 | c004749 | ||
| 005 | 20221214075030.2 | ||
| 020 | |a 80-7090-127-6 | ||
| 041 | 0 | |a slo | |
| 044 | |a SK | ||
| 245 | 1 | 0 | |a UNIMARC manuál |b slovenská verzia |c preklad a vedecká redakcia Dušan Katuščák ; zod. red. Anna Kucianová |
| 264 | 1 | |a Martin |b Matica slovenská |c 1994 | |
| 300 | |a 588 s. | ||
| 610 | 2 | 0 | |a UNIMARC |
| 610 | 2 | 0 | |a IFLA |
| 610 | 2 | 0 | |a normy |
| 610 | 2 | 0 | |a katalógy knižničné |
| 610 | 2 | 0 | |a unifikácia |
| 610 | 2 | 0 | |a spracovanie dát |
| 700 | 1 | |a Katuščák, Dušan | |
| 700 | 1 | |a Kucianová, Anna | |